| 000 | 00617nam a2200229 a 4500 | ||
|---|---|---|---|
| 008 | 020405s1976 m yxo ra 0 slo c | ||
| 020 |
_a808889767X _c11 |
||
| 040 |
_aSNK _bslo _cSNK _eAACR2 |
||
| 041 | 1 | _aslo | |
| 044 |
_axo _cSK |
||
| 080 | _a885.4-3 | ||
| 100 | 1 |
_aMitana, Dušan _d1946- _4aut |
|
| 245 | 1 | 0 |
_aNočné správy _cDušan Mitana |
| 250 | _a2. vyd. | ||
| 260 |
_aBratislava _bSmena _c1976 |
||
| 300 |
_a99 s. _c16 cm |
||
| 490 | 1 |
_aHlavolamy _vzv. 30 |
|
| 650 | 0 | 7 |
_apoviedky psychologické slovenské _2SNK |
| 650 | 0 | 7 |
_apoviedky spoločenské slovenské _2SNK |
| 760 | 1 | _tHlavolamy | |
| 958 | _aAUL | ||
| 999 |
_c12173 _d12173 |
||